Nulidad absoluta e insanable del DNU 70-2023 / (Registro nro. 6169)
[ vista simple ]
| 000 -LEADER | |
|---|---|
| fixed length control field | 01272nabaa22002417a 4500 |
| 003 - CONTROL NUMBER IDENTIFIER | |
| control field | OSt |
| 005 - DATE AND TIME OF LATEST TRANSACTION | |
| control field | 20260123212737.0 |
| 008 - FIXED-LENGTH DATA ELEMENTS--GENERAL INFORMATION | |
| fixed length control field | 190701b xxu||||| |||| 00| 0 spa d |
| 040 ## - CATALOGING SOURCE | |
| Transcribing agency | PJ |
| 100 ## - MAIN ENTRY--PERSONAL NAME | |
| 9 (RLIN) | 6911 |
| Personal name | Manili, Pablo L. |
| 245 10 - TITLE STATEMENT | |
| Title | Nulidad absoluta e insanable del DNU 70-2023 / |
| Statement of responsibility, etc | Pablo L. Manili. |
| 300 ## - PHYSICAL DESCRIPTION | |
| Extent | p. 302-312 |
| 500 ## - GENERAL NOTE | |
| General note | Cita: TR LALEY AR/DOC/60/2024 |
| 505 ## - FORMATTED CONTENTS NOTE | |
| Formatted contents note | Sumario: I. Introducción.— II. Primer requisito: circunstancias excepcionales.— III. Segundo requisito: imposibilidad de seguir el trámite ordinario para la sanción de las leyes.— IV. Tercer requisito: razones de necesidad y urgencia.— V. Otros requisitos.— VI. Jurisprudencia aplicable al DNU bajo análisis.— VII. La jurisprudencia de la Corte Interamericana de Derechos Humanos.— VIII. Conclusiones. |
| 505 ## - FORMATTED CONTENTS NOTE | |
| Title | ¿Te interesa el texto completo? Comunicate al correo: koha@justierradelfuego.gov.ar |
| 650 #0 - SUBJECT ADDED ENTRY--TOPICAL TERM | |
| 9 (RLIN) | 211 |
| Topical term or geographic name as entry element | DERECHO ADMINISTRATIVO |
| 650 #0 - SUBJECT ADDED ENTRY--TOPICAL TERM | |
| 9 (RLIN) | 200 |
| Topical term or geographic name as entry element | DECRETOS DE NECESIDAD Y URGENCIA |
| 650 #0 - SUBJECT ADDED ENTRY--TOPICAL TERM | |
| 9 (RLIN) | 614 |
| Topical term or geographic name as entry element | DERECHOS HUMANOS |
| 650 #0 - SUBJECT ADDED ENTRY--TOPICAL TERM | |
| 9 (RLIN) | 4597 |
| Topical term or geographic name as entry element | CONSTITUCIONALIDAD |
| 650 #0 - SUBJECT ADDED ENTRY--TOPICAL TERM | |
| 9 (RLIN) | 1183 |
| Topical term or geographic name as entry element | LEGISLACION |
| 773 0# - HOST ITEM ENTRY | |
| Host Biblionumber | 2842 |
| Host Itemnumber | 3251 |
| Place, publisher, and date of publication | Buenos Aires : AbeledoPerrot, 2012- |
| Other item identifier | DA121 |
| Title | Derecho administrativo. Nº 152 marzo/abril 2024 |
| International Standard Book Number | 18510590 |
| 942 ## - ADDED ENTRY ELEMENTS (KOHA) | |
| Source of classification or shelving scheme | |
| Koha item type | Analítica Artículo de Revista |
No hay ítems disponibles.
